LEADER 02783oas 2200937 a 450 001 9910140846203321 005 20251105213014.0 011 $a1934-8118 035 $a(DE-599)ZDB2316484-0 035 $a(OCoLC)76708303 035 $a(CONSER) 2006216274 035 $a(CKB)110978966555038 035 $a(EXLCZ)99110978966555038 100 $a20061120a19749999 sy a 101 0 $aeng 135 $aurcnu|||||||| 181 $ctxt$2rdacontent 182 $cc$2rdamedia 183 $acr$2rdacarrier 200 00$aScientific and technical information processing 210 1$aNew York :$cAllerton Press 210 3$aJersey City, NJ :$cSpringer Nature 215 $a1 online resource 300 $aRefereed/Peer-reviewed 311 08$a0147-6882 531 0 $aSci. tech. inf. process. 606 $aTechnology$xInformation services$vPeriodicals 606 $aScience$xInformation services$vPeriodicals 606 $aTechnologie$3(CaQQLa)201-0077734$xServices d'information$3(CaQQLa)201-0077734$vPe?riodiques$3(CaQQLa)201-0378307 606 $aSciences$3(CaQQLa)201-0020906$xServices d'information$3(CaQQLa)201-0020906$vPe?riodiques$3(CaQQLa)201-0378307 606 $aScience$xInformation services$2fast$3(OCoLC)fst01108282 606 $aTechnology$xInformation services$2fast$3(OCoLC)fst01145131 606 $aScience and technology$2galestne 606 $aComunicació científica$2thub 606 $aServeis d'informació$2thub 608 $aperiodicals.$2aat 608 $aPeriodicals.$2fast 608 $aPeriodicals.$2lcgft 608 $aPe?riodiques.$2rvmgf 608 $aRevistes electròniques.$2thub 615 0$aTechnology$xInformation services 615 0$aScience$xInformation services 615 6$aTechnologie$xServices d'information 615 6$aSciences$xServices d'information 615 7$aScience$xInformation services. 615 7$aTechnology$xInformation services. 615 7$aScience and technology. 615 7$aComunicació científica. 615 7$aServeis d'informació. 676 $a029 801 0$bNSD 801 1$bNSD 801 2$bNSD 801 2$bOCLCQ 801 2$bNUI 801 2$bVRC 801 2$bOCLCQ 801 2$bOCLCF 801 2$bOCLCO 801 2$bOCLCQ 801 2$bSCB 801 2$bAU@ 801 2$bUKMGB 801 2$bDLC 801 2$bCNTRU 801 2$bVT2 801 2$bUBY 801 2$bDLC 801 2$bOCLCE 801 2$bUAB 801 2$bYOU 801 2$bFIE 801 2$bCCT 801 2$bQGK 801 2$bSXB 801 2$bOCLCL 801 2$bOCLCQ 906 $aJOURNAL 912 $a9910140846203321 996 $aScientific and technical information processing$92292499 997 $aUNINA